ՀՀ Գիտությունների ազգային ակադեմիայի հիմնարար գիտական գրադարան  =   Fundamental Scientific Library of NAS RA

Специализированные вычислительные устройства для автоматизации физико-химических исследований : (Record no. 320093)

MARC details
000 -LEADER
fixed length control field 01147nam a2200217 a 4500
001 - CONTROL NUMBER
control field 000950610
003 - CONTROL NUMBER IDENTIFIER
control field AM-YeHGA
005 - DATE AND TIME OF LATEST TRANSACTION
control field 20250617145903.0
008 - FIXED-LENGTH DATA ELEMENTS--GENERAL INFORMATION
fixed length control field 130307s1973 ||| r 000 0 rus d
040 ## - CATALOGING SOURCE
Original cataloging agency AM-YeHGA
041 0# - LANGUAGE CODE
Language code of text/sound track or separate title rus
090 ## - LOCALLY ASSIGNED LC-TYPE CALL NUMBER (OCLC); LOCAL CALL NUMBER (RLIN)
-- 321828
100 1# - MAIN ENTRY--PERSONAL NAME
Personal name Бернюков, Арнольд Константинович
245 10 - TITLE STATEMENT
Title Специализированные вычислительные устройства для автоматизации физико-химических исследований :
Remainder of title Учебно-методическое пособие /
Statement of responsibility, etc. А.К. Бернюков ;Ивановск. энергетич. ин-т им. В.И. Ленина.
260 ## - PUBLICATION, DISTRIBUTION, ETC.
Place of publication, distribution, etc. Владимир
-- Иваново :
Name of publisher, distributor, etc. Б. и.,
Date of publication, distribution, etc. 1973.
300 ## - PHYSICAL DESCRIPTION
Extent 108 с. :
Other physical details ил.
504 ## - BIBLIOGRAPHY, ETC. NOTE
Bibliography, etc. note Библиогр. : с. 106
653 0# - INDEX TERM--UNCONTROLLED
Uncontrolled term Физико - химические исследования
710 2# - ADDED ENTRY--CORPORATE NAME
Corporate name or jurisdiction name as entry element Министерство высшего и среднего специального образования РСФСР
710 2# - ADDED ENTRY--CORPORATE NAME
Corporate name or jurisdiction name as entry element Ивановский энергетический институт им. В.И. Ленина
Holdings
Withdrawn status Lost status Source of classification or shelving scheme Damaged status Not for loan Collection Home library Current library Date acquired Total checkouts Full call number Barcode Date last seen Price effective from Koha item type Public note
    Universal Decimal Classification     General Fundamental Scientific Library Fundamental Scientific Library 09/01/2017   PII/326103 FL0257978 09/01/2017 09/01/2017 Գրքեր / Books 30 Days Loan


ՀՀ ԳԱԱ հիմնարար գիտական գրադարան
ՀՀ,Երևան 0019
Մարշալ Բաղրամյան 24/6
հեռախոս:(374-10) 52-47-50
Հետադարձ կապ

All site content, except where otherwise noted, is licensed under a
Creative Commons License